000 01689cad a22003255a 4500
001 L121630
008 030317s2002 xxk 000 0 eng u
020 _a0117536458
035 _a(Sirsi) u121630
050 _a692.2
_c18
110 _aUnited Kingdom
_bOffice of the Deputy Prime Minister
245 4 _aThe Building Act 1984 : the Building (Amendment) (No. 2) Regulations 2002 and the Building (Approved Inspectors etc. ) (Amendment) Regulations 2002
_h[electronic resource]
260 _aNorwich
_bTSO
_c2002
350 _a6.50
490 _aODPM Circular
_v03/2002
520 _aDated 19 December 2002. Introduces the new Parts B and E in the Building Regulations 2000 Sched 1, the new requirements for sound insulation testing in the Building Regulations 2000 and the Building (Approved Inspectors etc.) Regulations 2000, and related amendments. View at www.safety.odpm.gov.uk.
650 _aBUILT ENVIRONMENT-CONSTRUCTION DESIGN-ACOUSTICS
650 _aBUILDING (AMENDMENT) (NO. 2) REGULATIONS 2002
650 _aBUILDING (APPROVED INSPECTORS ETC.) (AMENDMENT) REGULATIONS 2002
650 _aBUILDING (APPROVED INSPECTORS ETC.) REGULATIONS 2000
650 _aBUILDING REGULATIONS 2000
650 _aBUILDING REGULATIONS 2000 APPROVED DOCUMENT B (2002 EDITION)
650 _aBUILDING REGULATIONS 2000 APPROVED DOCUMENT E (2003 EDITION)
650 _aMANAGEMENT-HEALTH AND SAFETY-FIRE SAFETY
650 _aNOISE INSULATION
650 _aODPM CIRCULAR 03/2002
690 _aBUILT ENVIRONMENT-BUILDING STANDARDS
856 _uhttps://www.communities.gov.uk/documents/planningandbuilding/pdf/133127.pdf
_vView the Circular at www.communities.gov.uk
942 _n0
999 _c102684
_d102684